Снижение экономических потерь, вызванных ложной остановкой аварийной защиты технологического оборудования, на этапе ее проектирования; Горный информационно-аналитический бюллетень. Отдельный выпуск; № S4 (1)
| Parent link: | Горный информационно-аналитический бюллетень. Отдельный выпуск: научно-технический журнал.— , 2005- № S4 (1).— 2013.— [С. 253-259] |
|---|---|
| Autor Principal: | |
| Autor Corporativo: | |
| Outros autores: | |
| Summary: | Заглавие с экрана Традиционный расчет опасностей включения противоаварийной защи ты недостаточное внимание уделяет экономическим потерям нефте газового бизнеса, вызванных ее ложным включениям. Предложено при проектировании противоаварийной защиты с использованием моделей Маркова согласовывать минимизацию экономических потерь и макси мизацию безопасности. Режим доступа: по договору с организацией-держателем ресурса |
| Idioma: | ruso |
| Publicado: |
2013
|
| Subjects: | |
| Acceso en liña: | http://elibrary.ru/item.asp?id=21450156 |
| Formato: | MixedMaterials Electrónico Capítulo de libro |
| KOHA link: | https://koha.lib.tpu.ru/cgi-bin/koha/opac-detail.pl?biblionumber=642541 |
MARC
| LEADER | 00000nla0a2200000 4500 | ||
|---|---|---|---|
| 001 | 642541 | ||
| 005 | 20250205154027.0 | ||
| 035 | |a (RuTPU)RU\TPU\network\7498 | ||
| 090 | |a 642541 | ||
| 100 | |a 20150626d2013 k||y0rusy50 ca | ||
| 101 | 0 | |a rus | |
| 102 | |a RU | ||
| 135 | |a drcn ---uucaa | ||
| 181 | 0 | |a i | |
| 182 | 0 | |a b | |
| 200 | 1 | |a Снижение экономических потерь, вызванных ложной остановкой аварийной защиты технологического оборудования, на этапе ее проектирования |f Е. И. Громаков, Н. В. Чухарева | |
| 203 | |a Текст |c электронный | ||
| 300 | |a Заглавие с экрана | ||
| 330 | |a Традиционный расчет опасностей включения противоаварийной защи ты недостаточное внимание уделяет экономическим потерям нефте газового бизнеса, вызванных ее ложным включениям. Предложено при проектировании противоаварийной защиты с использованием моделей Маркова согласовывать минимизацию экономических потерь и макси мизацию безопасности. | ||
| 333 | |a Режим доступа: по договору с организацией-держателем ресурса | ||
| 461 | |t Горный информационно-аналитический бюллетень. Отдельный выпуск |o научно-технический журнал |d 2005- | ||
| 463 | |t № S4 (1) |v [С. 253-259] |d 2013 | ||
| 610 | 1 | |a труды учёных ТПУ | |
| 610 | 1 | |a электронный ресурс | |
| 700 | 1 | |a Громаков |b Е. И. |c специалист в области автоматизированных систем управления |c доцент Томского политехнического университета, кандидат технических наук |f 1943- |g Евгений Иванович |3 (RuTPU)RU\TPU\pers\25727 |9 11629 | |
| 701 | 1 | |a Чухарева |b Н. В. |c специалист в области нефтегазового дела |c доцент Томского политехнического университета, кандидат химических наук |f 1967- |g Наталья Вячеславовна |3 (RuTPU)RU\TPU\pers\26133 |9 11962 | |
| 712 | 0 | 2 | |a Национальный исследовательский Томский политехнический университет (ТПУ) |b Институт природных ресурсов (ИПР) |b Кафедра транспорта и хранения нефти и газа (ТХНГ) |3 (RuTPU)RU\TPU\col\18661 |
| 801 | 1 | |a RU |b 63413507 |c 20100524 | |
| 801 | 2 | |a RU |b 63413507 |c 20160229 |g RCR | |
| 856 | 4 | 0 | |u http://elibrary.ru/item.asp?id=21450156 |
| 942 | |c CF | ||